| 000 | 01336cam a2200265 4500 | ||
|---|---|---|---|
| 001 | ##L112380 | ||
| 008 | 000000n2006 000 0 eng u | ||
| 020 |
_a0421599200 _a9780421599208 |
||
| 035 | _a(Sirsi) u112380 | ||
| 041 | 0 | _aeng | |
| 050 | 0 | 4 | _a346.41059 $2 18 |
| 100 | 1 | _aHaley, Michael | |
| 245 | 0 | 0 | _aEquity and trusts |
| 260 | 3 |
_aLondon _bSweet and Maxwell _c2006 |
|
| 300 |
_axciii, 566p. _c25cm. |
||
| 350 | _a24.95 | ||
| 490 | 0 | _aSweet and Maxwell Textbook Series | |
| 505 | 1 | _aAn introduction to equity and trusts -- The three certainties -- constitution of trusts -- Formalities and the perpetuity rules -- mutual wills and secret trusts -- Non-charitable purpose trusts -- Charitable trusts -- Cy-pres trusts -- Resulting trusts -- Constructive trusts -- Trusts of the family home -- The appointment retirement and removal of trustees -- The duties of a trustee -- Trustee's powers -- Variation of trusts -- Setting trusts aside -- Breach of trusts -- Injunctions -- Specific performance. | |
| 520 | _aPresents a detailed account of the law of trusts and equity. Gives examples to aid understanding of the more complex and technical areas. | ||
| 590 | _aIKA171006 | ||
| 651 | 4 |
_aEngland and Wales _y1543- |
|
| 690 | _aPROPERTY-PROPERTY FINANCE AND INVESTMENT | ||
| 700 | 1 | _aMcMurtry, Lara | |
| 942 | _n0 | ||
| 999 |
_c101423 _d101423 |
||